Torschützenliste der Premier League 2010-2011 - Statistiken

Allgemein
  • Dieses Quiz wurde 37 mal gespielt
  • Das Durchschnittsergebnis liegt bei 5 aus 11
Antwortstatistiken
Tore Nationalität Verein Spieler % Korrekt
18 Niederlande FC Arsenal Robin van Persie
97%
21 Bulgarien Manchester United Dimitar Berbatow
74%
13 Mexiko Manchester United Chicharito
71%
21 Argentinien Manchester City Carlos Tévez
63%
13 Niederlande FC Liverpool Dirk Kuyt
54%
13 Frankreich FC Chelsea Florent Malouda
40%
13 Niederlande Tottenham Hotspur Rafael van der Vaart
37%
13 England Newcastle United / FC Liverpool Andy Carroll
29%
17 England AFC Sunderland / Aston Villa Darren Bent
14%
15 Nigeria West Bromwich Albion Peter Odemwingie
6%
13 England FC Blackpool D. J. Campbell
0%
Keine übereinstimmenden Quizze gefunden
Verteilung der Resultate
Anzahl Personen mit jedem Resultat
Perzentil nach korrekt beantworteten Fragen
Ihre Resultats-Entwicklung
Sie haben dieses Quiz noch nicht gespielt